000 01063 a2200229 4500
001 45049
005 20260407155725.0
008 260407a2011 arg spa d
003 AR-UNSa-BCEJYS
040 _aAR-UNSa-BCEJYS
_bspa
_cAR-UNSa-BCEJYS
080 _a331.5
_xMercado de Trabajo. Empleo
245 1 0 _aPromoción municipal del empleo
020 _a978-92-2-325308-0
264 1 _aBuenos Aires :
_bOIT
_c2011
300 _a121 p.
_c28 cm.
505 _a1.Experiencias municipales a favor del desarrollo productivo con énfasis en el empleo – 2. Experiencias de servicios de empleo y mejora de la empleabilidad – 3. Experiencia de ejecución del Programa de Jóvenes con Más y Mejor Trabajo – 4. Experiencias de gobiernos provinciales, de articulación con el MTEySS e involucramiento activo.
041 _aspa
942 _cBK
590 _aniveau_biblio:m niveau_hierar:0
100 1 _aOrganización Internacional del Trabajo (OIT)
856 4 1 _uhttps://www.biblioeco.unsa.edu.ar/pmb/images/libros/L127071.jpg
_yImagen de portada
_qimage/jpeg
999 _c3900
_d3900